000 00448nam a2200181Ia 4500
008 240925s9999 xx 000 0 und d
020 _aNA
082 _a001 DOG
100 _aDogar, Tufail Muhammad
245 0 _aStandard General Knowledge
250 _aNA
260 _aLahore:
_bDogar Publishers
_c,1996.
300 _axv,813p.
_bNA
_fOriginal
500 _aNA
600 _aHumanities & Natural Science
650 _aGeneralia
942 _cBK
999 _c3347
_d3347